000
00303 a2200121 4500
000
nam a22 7a 4500
005
20251203111309.0
020
_a
9789776415232
100
_a
Zaki Mubarak
_9
853999
245
_a
Hubb Ibne abi rabiya wa sher
260
_b
Shirkat nawabagh al-fikr
_c
2014
942
_c
TB
999
_c
1465773
_d
1465773